[Event "Ruhrgebiet Regionalliga 1011"]
[Site "Nordrheinwestfalen"]
[Date "2011.04.03"]
[Round "8.6"]
[White "Hufelschulte, Norbert"]
[Black "Zemella, Christian"]
[Result "1-0"]
[WhiteElo "2019"]
[BlackElo "1959"]
[PlyCount "59"]
[EventDate "2010.09.19"]
[EventType "team-tourn"]
[EventRounds "9"]
[EventCountry "GER"]
[SourceTitle "EXT 2020"]
[Source "ChessBase"]
[SourceDate "2019.10.17"]
[SourceVersion "1"]
[SourceVersionDate "2019.10.17"]
[SourceQuality "1"]
[WhiteTeam "Hamm SVg"]
[BlackTeam "Brackel SF"]
[WhiteTeamCountry "GER"]
[BlackTeamCountry "GER"]

1. d4 Nf6 2. c4 c5 3. d5 e6 4. Nc3 exd5 5. cxd5 d6 6. e4 g6 7. f4 Bg7 8. Bb5+ Nfd7 9. a4 0-0 10. Nf3 Qc7 11. 0-0 a6 12. Bd3 c4 13. Bc2 Nc5 14. Qe2 Nb3 15. Bxb3 cxb3 16. Be3 Nd7 17. Rfc1 Qa5 18. Nd2 Nc5 19. Qc4 Re8 20. e5 b6 21. Bxc5 Qxc5+ 22. Qxc5 bxc5 23. Nxb3 dxe5 24. Nxc5 exf4 25. N5e4 Rxe4 26. Nxe4 Bxb2 27. Rab1 Bxc1 28. Rxc1 Bb7 29. Rc7 Rb8 30. Nf6+ 1-0

[Event "GER-ch Net qual1 U18"]
[Site "Playchess.com INT"]
[Date "2008.06.01"]
[Round "5"]
[White "Zemella, Christian"]
[Black "Pogan, Nikolas"]
[Result "0-1"]
[WhiteElo "2092"]
[BlackElo "1969"]
[PlyCount "64"]
[EventDate "2008.06.01"]
[EventType "swiss (blitz)"]
[EventRounds "7"]
[EventCountry "GER"]
[SourceTitle "CBM 124 Extra"]
[Source "ChessBase"]
[SourceDate "2008.07.03"]
[SourceVersion "1"]
[SourceVersionDate "2008.07.03"]
[SourceQuality "1"]

1. e4 c6 2. d4 d5 3. e5 Bf5 4. Nc3 e6 5. g4 Bg6 6. Nge2 f6 7. exf6 gxf6 8. Nf4 Bf7 9. Qe2 Qd6 10. Nd3 Nd7 11. Bf4 Qe7 12. 0-0-0 Bg7 13. Bg2 0-0-0 14. Bg3 h5 15. h3 hxg4 16. hxg4 Rxh1 17. Bxh1 e5 18. dxe5 fxe5 19. Kb1 e4 20. Nf4 Qb4 21. a3 Qb6 22. Na4 Qa5 23. b3 Nc5 24. Nh5 Nxa4 25. bxa4 Qb6+ 26. Kc1 Qb2+ 27. Kd2 Qc3+ 28. Kc1 Bxh5 29. gxh5 Qxa3+ 30. Kd2 Qc3+ 31. Kc1 Bh6+ 32. Rd2 Qa1# 0-1

[Event "Ruhrgebiet VL1 0708"]
[Site "Germany"]
[Date "2008.04.06"]
[Round "8.4"]
[White "Zemella, Christian"]
[Black "Schueppel, Werner"]
[Result "1/2-1/2"]
[WhiteElo "2071"]
[BlackElo "1897"]
[PlyCount "23"]
[EventDate "2007.09.02"]
[EventType "team"]
[EventRounds "9"]
[EventCountry "GER"]
[SourceTitle "EXT 2009"]
[Source "ChessBase"]
[SourceDate "2008.11.26"]
[SourceVersion "1"]
[SourceVersionDate "2008.11.26"]
[SourceQuality "1"]
[WhiteTeam "Dortmund Brackel II"]
[BlackTeam "Kirchhellen SF"]
[WhiteTeamCountry "GER"]
[BlackTeamCountry "GER"]

1. e4 g6 2. d4 Bg7 3. Nc3 d6 4. Be3 Nd7 5. f4 e5 6. Nf3 exd4 7. Nxd4 Ngf6 8. Be2 0-0 9. Bf3 Re8 10. Nb3 Qe7 11. 0-0 d5 12. e5 1/2-1/2

[Event "GER-chT U20"]
[Site "Kelheim"]
[Date "2007.12.29"]
[Round "5.2"]
[White "Zemella, Christian"]
[Black "Nuber, Korbinian"]
[Result "1-0"]
[WhiteElo "2028"]
[BlackElo "2108"]
[PlyCount "101"]
[EventDate "2007.12.27"]
[EventType "team-swiss"]
[EventRounds "7"]
[EventCountry "GER"]
[SourceTitle "EXT 2022"]
[Source "ChessBase"]
[SourceDate "2021.10.06"]
[SourceVersion "1"]
[SourceVersionDate "2021.10.06"]
[SourceQuality "1"]
[WhiteTeam "Brackel SF U20"]
[BlackTeam "Dillingen U20"]
[WhiteTeamCountry "GER"]
[BlackTeamCountry "GER"]

1. e4 d6 2. d4 Nf6 3. Nc3 e5 4. dxe5 dxe5 5. Qxd8+ Kxd8 6. Bc4 Be6 7. Bxe6 fxe6 8. Be3 Bd6 9. f3 Ke7 10. Nge2 Nbd7 11. 0-0-0 Bc5 12. Bxc5+ Nxc5 13. Rd2 a5 14. Rhd1 g5 15. b3 Rad8 16. Rxd8 Rxd8 17. Rxd8 Kxd8 18. Kd2 Nh5 19. Nd1 Na6 20. Ne3 Nb4 21. c3 Nc6 22. a4 Nf6 23. Nc1 Nd7 24. Nd3 Nb6 25. Nc5 Ke7 26. Nxb7 h5 27. Kc2 Kf6 28. Kb2 g4 29. fxg4 hxg4 30. Ka3 Nd7 31. b4 axb4+ 32. cxb4 Kg5 33. g3 Nd4 34. Nc5 Nb6 35. a5 Na8 36. Ka4 Kh5 37. b5 Kg5 38. Nd7 Nf3 39. Kb4 Nd2 40. Nxe5 Nxe4 41. N5xg4 Nd6 42. h4+ Kg6 43. Ne5+ Kf6 44. N3g4+ Kg7 45. h5 Ne4 46. h6+ Kh7 47. Nd7 Nxg3 48. Ndf6+ Kg6 49. h7 Kg7 50. Ne5 Ne4 51. Ng6 1-0

[Event "Dortmund op-A"]
[Site "Dortmund"]
[Date "2007.07.01"]
[Round "9"]
[White "Kunz, Konstantin"]
[Black "Zemella, Christian"]
[Result "0-1"]
[WhiteElo "2178"]
[BlackElo "2071"]
[PlyCount "72"]
[EventDate "2007.06.22"]
[EventType "swiss"]
[EventRounds "9"]
[EventCountry "GER"]
[SourceTitle "EXT 2008"]
[Source "ChessBase"]
[SourceDate "2007.11.25"]
[SourceVersion "1"]
[SourceVersionDate "2007.11.25"]
[SourceQuality "1"]

1. d4 Nf6 2. Nf3 c5 3. d5 e6 4. c4 exd5 5. cxd5 d6 6. Nc3 g6 7. e4 Bg7 8. h3 0-0 9. Bg5 a6 10. a4 Qc7 11. Bd3 Nbd7 12. 0-0 Rb8 13. Re1 Re8 14. Bf4 Nh5 15. Bh2 Ne5 16. Be2 Nd7 17. Nd2 Nhf6 18. f4 c4 19. Rc1 b5 20. axb5 axb5 21. b4 cxb3 22. Nxb5 Qb6+ 23. Kh1 Nxe4 24. Nxe4 Rxe4 25. Rc6 Qa5 26. Nxd6 Rd4 27. Qb1 Bb7 28. Nxb7 Rxb7 29. Rc8+ Nf8 30. Bg3 b2 31. Bf3 Ra4 32. Qc2 Qxe1+ 33. Bxe1 b1Q 34. Qxa4 Qxe1+ 35. Kh2 Rb4 36. Qa8 Qe3 0-1

[Event "Dortmund op-A"]
[Site "Dortmund"]
[Date "2007.06.30"]
[Round "8"]
[White "Zemella, Christian"]
[Black "Schulze, Torben"]
[Result "1/2-1/2"]
[WhiteElo "2071"]
[BlackElo "2164"]
[PlyCount "84"]
[EventDate "2007.06.22"]
[EventType "swiss"]
[EventRounds "9"]
[EventCountry "GER"]
[SourceTitle "EXT 2008"]
[Source "ChessBase"]
[SourceDate "2007.11.25"]
[SourceVersion "1"]
[SourceVersionDate "2007.11.25"]
[SourceQuality "1"]

1. e4 e5 2. Nf3 d6 3. d4 exd4 4. Nxd4 Nf6 5. Nc3 Be7 6. Be2 0-0 7. Be3 Re8 8. Qd2 Bf8 9. f3 d5 10. Bg5 dxe4 11. 0-0-0 Bb4 12. a3 e3 13. Qd3 Bxc3 14. Qxc3 Qe7 15. Rhe1 Nd5 16. Bxe7 Nxc3 17. bxc3 Rxe7 18. Nb5 Nc6 19. Bc4 a6 20. Bd5 Bd7 21. Nxc7 Rc8 22. Bxc6 Bxc6 23. Nd5 Re5 24. Nxe3 Rce8 25. Kd2 f5 26. Nc4 Rd5+ 27. Kc1 Rxe1 28. Rxe1 b5 29. Na5 Bd7 30. Rd1 Be6 31. Nc6 Rc5 32. Rd6 Bc4 33. Kd2 f4 34. h4 Rh5 35. Rd4 Rxh4 36. Ne5 g5 37. Nxc4 bxc4 38. Ke2 Rh2 39. Kf2 Rh1 40. Rxc4 Rc1 41. Rc6 Rxc2+ 42. Kg1 Kg7 1/2-1/2

[Event "Dortmund op-A"]
[Site "Dortmund"]
[Date "2007.06.26"]
[Round "4"]
[White "Zemella, Christian"]
[Black "Kuesgen, Dirk"]
[Result "1/2-1/2"]
[WhiteElo "2071"]
[BlackElo "1831"]
[PlyCount "79"]
[EventDate "2007.06.22"]
[EventType "swiss"]
[EventRounds "9"]
[EventCountry "GER"]
[SourceTitle "EXT 2008"]
[Source "ChessBase"]
[SourceDate "2007.11.25"]
[SourceVersion "1"]
[SourceVersionDate "2007.11.25"]
[SourceQuality "1"]

1. e4 Nf6 2. Nc3 e5 3. Nf3 Nc6 4. d4 exd4 5. Nxd4 Bb4 6. Nxc6 bxc6 7. Bd3 d5 8. exd5 cxd5 9. Qe2+ Qe7 10. Qxe7+ Bxe7 11. Nb5 Bd8 12. Bf4 c6 13. Nd6+ Kf8 14. Nxc8 Rxc8 15. Ba6 Ba5+ 16. c3 Re8+ 17. Kd1 Ne4 18. Rf1 g5 19. Be3 Bb6 20. Bxb6 axb6 21. Bd3 Kg7 22. f3 Nc5 23. Kd2 Re6 24. Rfe1 Ra8 25. Rxe6 Nxe6 26. a3 h6 27. Bf5 Kf6 28. Bxe6 fxe6 29. a4 e5 30. b4 Kf5 31. Kd3 h5 32. c4 dxc4+ 33. Kxc4 b5+ 34. Kb3 bxa4+ 35. Rxa4 Rxa4 36. Kxa4 e4 37. fxe4+ Kxe4 38. Ka5 Ke5 39. Ka6 Ke6 40. Ka5 1/2-1/2

[Event "GER-ch internet U18 final"]
[Site "Playchess.com INT"]
[Date "2007.06.20"]
[Round "7"]
[White "Strunski, Andreas"]
[Black "Zemella, Christian"]
[Result "0-1"]
[WhiteElo "2165"]
[BlackElo "2071"]
[PlyCount "92"]
[EventDate "2007.06.20"]
[EventType "swiss (blitz)"]
[EventRounds "7"]
[EventCountry "GER"]
[SourceTitle "EXT 2009"]
[Source "ChessBase"]
[SourceDate "2008.11.26"]
[SourceVersion "1"]
[SourceVersionDate "2008.11.26"]
[SourceQuality "1"]

1. d4 Nf6 2. c4 c5 3. d5 e6 4. Nc3 exd5 5. cxd5 d6 6. e4 g6 7. Nge2 Bg7 8. Ng3 0-0 9. Be2 a6 10. a4 Nbd7 11. 0-0 h5 12. Bg5 Ne5 13. h3 Re8 14. Kh1 Qb6 15. Qd2 Qb4 16. a5 Nc4 17. Bxc4 Qxc4 18. Qf4 Nh7 19. Bh6 Be5 20. Qd2 Bd7 21. f4 Bxc3 22. bxc3 h4 23. Ne2 Qxe4 24. Rae1 Qf5 25. Ng1 Qh5 26. Rxe8+ Rxe8 27. Bg5 f6 28. f5 Qxg5 29. Qxg5 Nxg5 30. fxg6 Kg7 31. Rb1 Bb5 32. c4 Bxc4 33. Rxb7+ Kxg6 34. Rb6 Bxd5 35. Rxd6 Bc4 36. Kh2 Bb5 37. g3 hxg3+ 38. Kh1 Re1 39. h4 Nf3 40. h5+ Kxh5 41. Rd5+ Kg6 42. Kg2 Rxg1+ 43. Kh3 Ng5+ 44. Kh4 g2 45. Kg3 Rf1 46. Kxg2 Bc6 0-1

[Event "GER-ch internet U18 final"]
[Site "Playchess.com INT"]
[Date "2007.06.20"]
[Round "6"]
[White "Zemella, Christian"]
[Black "Siebarth, Raiko"]
[Result "0-1"]
[WhiteElo "2071"]
[BlackElo "2179"]
[PlyCount "162"]
[EventDate "2007.06.20"]
[EventType "swiss (blitz)"]
[EventRounds "7"]
[EventCountry "GER"]
[SourceTitle "EXT 2009"]
[Source "ChessBase"]
[SourceDate "2008.11.26"]
[SourceVersion "1"]
[SourceVersionDate "2008.11.26"]
[SourceQuality "1"]

1. e4 c5 2. Nf3 d6 3. d4 cxd4 4. Nxd4 Nf6 5. Nc3 a6 6. Bg5 e6 7. f4 Qb6 8. Qd2 Nc6 9. Nxc6 bxc6 10. 0-0-0 Rb8 11. b3 Qb4 12. Bd3 d5 13. exd5 cxd5 14. Kb1 Qa5 15. f5 Bb4 16. Qf4 Rb7 17. Ne2 Be7 18. fxe6 fxe6 19. Nd4 0-0 20. Nc6 Qc7 21. Qxc7 Rxc7 22. Nxe7+ Rxe7 23. c4 Ree8 24. Rhe1 Ng4 25. h3 Nf2 26. Rd2 e5 27. Bc2 dxc4 28. bxc4 Bb7 29. Be3 Ne4 30. Bxe4 Bxe4+ 31. Kb2 Rc8 32. c5 Rf6 33. Bg5 Rg6 34. Rxe4 Rxg5 35. Rc2 Kf7 36. Kb3 Ke6 37. Kc4 Rg3 38. Rce2 Rg5 39. g4 h5 40. Rd2 hxg4 41. hxg4 Rc6 42. Rd5 Rc8 43. Rd6+ Kf7 44. Rxa6 Rb8 45. Kd5 Rb2 46. Ra7+ Kg8 47. c6 Rd2+ 48. Ke6 Rg6+ 49. Kxe5 Rxc6 50. Kf5 Kh7 51. Ree7 Rd5+ 52. Ke4 Rg5 53. Kf4 Rcg6 54. a4 Rxg4+ 55. Kf3 Rb4 56. a5 Ra4 57. Re4 Ra3+ 58. Kf4 Rf6+ 59. Ke5 Rh6 60. Rg4 Rh5+ 61. Kd6 Rh6+ 62. Kc7 Rf6 63. Kb7 Rf7+ 64. Kb6 Rb3+ 65. Kc5 Rxa7 66. Rh4+ Kg6 67. Rg4+ Kh5 68. Rg1 Rxa5+ 69. Kc4 Rb7 70. Rh1+ Kg6 71. Rg1+ Rg5 72. Rf1 Rf5 73. Re1 Kf6 74. Rg1 g5 75. Ra1 Rf4+ 76. Kd3 Kf5 77. Ke3 Kg4 78. Ra5 Rb3+ 79. Ke2 Rc4 80. Ra2 Rh3 81. Kd1 Rh1+ 0-1

[Event "GER-ch internet U18 qual 03"]
[Site "Playchess.com INT"]
[Date "2007.06.10"]
[Round "5"]
[White "Kyas, Philipp"]
[Black "Zemella, Christian"]
[Result "0-1"]
[WhiteElo "1767"]
[BlackElo "2071"]
[PlyCount "146"]
[EventDate "2007.06.10"]
[EventType "swiss (blitz)"]
[EventRounds "7"]
[EventCountry "GER"]
[SourceTitle "EXT 2009"]
[Source "ChessBase"]
[SourceDate "2008.11.26"]
[SourceVersion "1"]
[SourceVersionDate "2008.11.26"]
[SourceQuality "1"]

1. d4 Nf6 2. Bf4 d5 3. e3 Bf5 4. c4 e6 5. Nc3 c6 6. Nf3 dxc4 7. Bxc4 Nbd7 8. 0-0 Be7 9. Qb3 b5 10. Be2 0-0 11. Ne5 Nxe5 12. dxe5 Nd5 13. Nxd5 exd5 14. Bd3 Bxd3 15. Qxd3 Qb6 16. Rac1 Rfd8 17. Rc2 c5 18. Rfc1 c4 19. Qd4 Bc5 20. Qd2 d4 21. b3 dxe3 22. Qe2 exf2+ 23. Kh1 Rd4 24. Bg3 h6 25. Bxf2 Rf4 26. Bg3 Rd4 27. Qf3 Rad8 28. b4 Bxb4 29. Bf2 Bc5 30. Bxd4 Rxd4 31. Rd1 Rxd1+ 32. Qxd1 Bd4 33. Rd2 Bxe5 34. Rd8+ Kh7 35. Qc2+ g6 36. Rd7 Qe6 37. Qd1 a5 38. h3 b4 39. Qd5 Qxd5 40. Rxd5 Bf6 41. Rxa5 b3 42. axb3 cxb3 43. Rb5 b2 44. Rb6 g5 45. g4 Kg6 46. Kg2 Kg7 47. Kf3 Bd4 48. Rb4 Bc3 49. Rb3 Be5 50. Ke4 f6 51. Kf5 h5 52. gxh5 Kh6 53. Rb7 Bd4 54. Rb4 Kxh5 55. Rb7 Kh4 56. Rb3 Be5 57. Kg6 g4 58. Rb4 Kxh3 59. Rb3+ g3 60. Kf5 Kh2 61. Ke4 g2 62. Rd3 g1Q 63. Rd2+ Qg2+ 64. Kd3 Qxd2+ 65. Kxd2 b1Q 66. Ke3 f5 67. Kf3 Qb3+ 68. Ke2 Bd4 69. Kd2 Qe3+ 70. Kc2 Qc3+ 71. Kd1 Qb2 72. Ke1 f4 73. Kf1 Qf2# 0-1

[Event "GER-ch internet U18 qual 03"]
[Site "Playchess.com INT"]
[Date "2007.06.10"]
[Round "7"]
[White "Zemella, Christian"]
[Black "Geske, Julian"]
[Result "1-0"]
[WhiteElo "2071"]
[BlackElo "2138"]
[PlyCount "79"]
[EventDate "2007.06.10"]
[EventType "swiss (blitz)"]
[EventRounds "7"]
[EventCountry "GER"]
[SourceTitle "EXT 2009"]
[Source "ChessBase"]
[SourceDate "2008.11.26"]
[SourceVersion "1"]
[SourceVersionDate "2008.11.26"]
[SourceQuality "1"]

1. e4 e5 2. Nf3 Nc6 3. Bc4 Nf6 4. Nc3 Nxe4 5. Nxe4 d5 6. Bd3 dxe4 7. Bxe4 Bd6 8. 0-0 0-0 9. Re1 Re8 10. d3 Ne7 11. Ng5 h6 12. Qh5 f5 13. Bxb7 Bxb7 14. Qf7+ Kh8 15. Ne6 Rg8 16. Nxd8 Raxd8 17. Qb3 Bd5 18. c4 Bc6 19. Qc2 f4 20. a3 Nf5 21. Qc3 f3 22. g3 Nd4 23. Be3 Ne2+ 24. Rxe2 fxe2 25. Qd2 Bf3 26. Bxh6 Bc5 27. Bxg7+ Rxg7 28. Qh6+ Kg8 29. Qe6+ Rf7 30. Qxe5 Re7 31. Qg5+ Kf8 32. Re1 Bb6 33. Qf6+ Ke8 34. Qxf3 Kd7 35. Rxe2 Rxe2 36. Qxe2 Rf8 37. Qg4+ Kd8 38. d4 Ke8 39. c5 Ba5 40. b4 1-0

[Event "Dortmund Sparkassen op-A"]
[Site "Dortmund"]
[Date "2006.08.06"]
[Round "9"]
[White "Holtmannspoetter, Thomas"]
[Black "Zemella, Christian"]
[Result "0-1"]
[WhiteElo "1719"]
[BlackElo "2098"]
[PlyCount "60"]
[EventDate "2006.07.28"]
[EventType "swiss"]
[EventRounds "9"]
[EventCountry "GER"]
[SourceTitle "CBM 113 Extra"]
[Source "ChessBase"]
[SourceDate "2006.09.14"]
[SourceVersion "1"]
[SourceVersionDate "2006.09.14"]
[SourceQuality "1"]

1. e4 c5 2. Nf3 d6 3. d4 cxd4 4. Nxd4 Nf6 5. Nc3 a6 6. Be2 e5 7. Nb3 Be6 8. Be3 Be7 9. a4 0-0 10. 0-0 Nbd7 11. f4 Qc7 12. f5 Bc4 13. Bd3 d5 14. exd5 Nxd5 15. Nxd5 Bxd5 16. Qg4 Nf6 17. Qg3 Rfd8 18. Rac1 Qd7 19. Nd2 e4 20. Be2 Bd6 21. Qh4 Qxa4 22. Bg5 Qd4+ 23. Kh1 Be5 24. c3 Qb6 25. b4 Rac8 26. c4 Bc6 27. Rb1 h6 28. Bxf6 Bxf6 29. Qe1 Bc3 30. c5 Qc7 0-1

[Event "Dortmund Sparkassen op-A"]
[Site "Dortmund"]
[Date "2006.08.02"]
[Round "5"]
[White "Zemella, Christian"]
[Black "Steingraeber, Wilm"]
[Result "1/2-1/2"]
[WhiteElo "2098"]
[BlackElo "2052"]
[PlyCount "95"]
[EventDate "2006.07.28"]
[EventType "swiss"]
[EventRounds "9"]
[EventCountry "GER"]
[SourceTitle "CBM 113 Extra"]
[Source "ChessBase"]
[SourceDate "2006.09.14"]
[SourceVersion "1"]
[SourceVersionDate "2006.09.14"]
[SourceQuality "1"]

1. e4 Nf6 2. d3 e5 3. c4 c6 4. Bg5 d5 5. Qc2 Be7 6. Nf3 Nbd7 7. Be2 0-0 8. 0-0 dxe4 9. dxe4 Qc7 10. Nc3 Nc5 11. b4 Ne6 12. Bxf6 Bxf6 13. Rad1 Nd4 14. Nxd4 exd4 15. Nb1 a5 16. a3 axb4 17. axb4 Qb6 18. Qb3 Be7 19. b5 Be6 20. Qd3 cxb5 21. cxb5 Ra4 22. Nd2 Rd8 23. Ra1 Rda8 24. Rxa4 Rxa4 25. Nf3 Bc5 26. Rc1 Ra3 27. Qd2 h6 28. Bd3 Ra2 29. Rc2 Ra1+ 30. Rc1 Qa7 31. h3 Qa3 32. Rxa1 Qxa1+ 33. Kh2 Qa3 34. Qc2 Bb3 35. Qe2 Qc1 36. e5 Bd5 37. Nd2 Bb4 38. Ne4 Qf4+ 39. Ng3 Ba5 40. Be4 Bxe4 41. Qxe4 Qxe4 42. Nxe4 d3 43. f3 Be1 44. g4 d2 45. Nc3 Bf2 46. f4 Bd4 47. Nd1 g5 48. Kg3 1/2-1/2

[Event "Dortmund op-A"]
[Site "Dortmund"]
[Date "2005.07.12"]
[Round "5"]
[White "Zweschper, Erich"]
[Black "Zemella, Christian"]
[Result "1/2-1/2"]
[WhiteElo "2135"]
[BlackElo "2053"]
[PlyCount "32"]
[EventDate "2005.07.08"]
[EventType "swiss"]
[EventRounds "9"]
[EventCountry "GER"]
[SourceTitle "CBM 107 Extra"]
[Source "ChessBase"]
[SourceDate "2005.09.01"]
[SourceVersion "1"]
[SourceVersionDate "2005.09.01"]
[SourceQuality "1"]

1. d4 Nf6 2. Nf3 g6 3. Bg5 Bg7 4. e3 d5 5. h3 c5 6. c3 Qb6 7. Qc1 Nc6 8. Bd3 Bd7 9. Nbd2 0-0 10. Rb1 Rfe8 11. Ne5 Nxe5 12. dxe5 Ne4 13. Nxe4 dxe4 14. Bxe4 Bxe5 15. 0-0 Bc6 16. Qc2 Bg7 1/2-1/2

[Event "Dortmund op-A"]
[Site "Dortmund"]
[Date "2005.07.11"]
[Round "4"]
[White "Zemella, Christian"]
[Black "Krueger, Erich"]
[Result "0-1"]
[WhiteElo "2053"]
[BlackElo "2234"]
[PlyCount "91"]
[EventDate "2005.07.08"]
[EventType "swiss"]
[EventRounds "9"]
[EventCountry "GER"]
[SourceTitle "CBM 107 Extra"]
[Source "ChessBase"]
[SourceDate "2005.09.01"]
[SourceVersion "1"]
[SourceVersionDate "2005.09.01"]
[SourceQuality "1"]

1. e4 c6 2. Nc3 d5 3. Nf3 dxe4 4. Nxe4 Nf6 5. Nxf6+ gxf6 6. d4 Bg4 7. Be2 Qc7 8. Be3 Nd7 9. Qd3 e6 10. 0-0-0 0-0-0 11. Qb3 Nb6 12. c4 c5 13. Kb1 Rg8 14. g3 Qc6 15. d5 exd5 16. cxd5 Rxd5 17. Bf4 Be6 18. Qb5 Qxb5 19. Bxb5 c4 20. Nd4 Rxd4 21. Rxd4 Bc5 22. Be3 Bxd4 23. Bxd4 Rg5 24. Bxb6 axb6 25. a4 Kc7 26. f4 Rc5 27. Kc2 Rd5 28. Re1 Rd4 29. Re3 Kd6 30. Kc3 Kc5 31. Kc2 Kb4 32. Be8 Bf5+ 33. Kc1 Re4 34. Rxe4 Bxe4 35. Bxf7 Bc6 36. Bg8 h6 37. Be6 Bxa4 38. Bd5 Bc6 39. Be6 Kc5 40. g4 b5 41. h4 Kd6 42. Bf5 Bd7 43. Bxd7 Kxd7 44. Kd2 b4 45. h5 Ke6 46. f5+ 0-1